Geremia Bonomelli / (Record n. 3363)

Dettagli MARC
000 -LEADER
fixed length control field 00793nam a2200241 i 4500
003 - CONTROL NUMBER IDENTIFIER
control field IT-RoINE
005 - DATE AND TIME OF LATEST TRANSACTION
control field 20170718092914.0
008 - FIXED-LENGTH DATA ELEMENTS--GENERAL INFORMATION
fixed length control field 030924s1961 it r 000 bbita d
040 ## - CATALOGING SOURCE
Original cataloging agency PUG
Language of cataloging ita
Transcribing agency IT-RoINE
100 1# - MAIN ENTRY--PERSONAL NAME
Personal name Bellò, Carlo,
Dates associated with a name 1923-1983
9 (RLIN) 6765
245 10 - TITLE STATEMENT
Title Geremia Bonomelli /
Statement of responsibility, etc Carlo Bellò.
260 ## - PUBLICATION, DISTRIBUTION, ETC. (IMPRINT)
Place of publication, distribution, etc Brescia :
Name of publisher, distributor, etc Morcelliana,
Date of publication, distribution, etc 1961.
300 ## - PHYSICAL DESCRIPTION
Extent 335 p. ;
Dimensions 23 cm.
336 ## - CONTENT TYPE
Source rdacontent
Content type term text
337 ## - MEDIA TYPE
Source rdamedia
Media type term unmediated
338 ## - CARRIER TYPE
Source rdacarrier
Carrier type term volume
490 1# - SERIES STATEMENT
Series statement Studi e documenti di storia religiosa
500 ## - GENERAL NOTE
General note Incluye índices.
600 14 - SUBJECT ADDED ENTRY--PERSONAL NAME
Personal name Bonomelli, Geremia,
Titles and other words associated with a name Obispo de Cremona,
Dates associated with a name 1831-1914
9 (RLIN) 2071
General subdivision Biografía
651 #4 - SUBJECT ADDED ENTRY--GEOGRAPHIC NAME
Geographic name Italia
General subdivision Historia eclesiástica
Chronological subdivision 1861-1914
9 (RLIN) 36995
830 #0 - SERIES ADDED ENTRY--UNIFORM TITLE
Uniform title Studi e documenti di storia religiosa
9 (RLIN) 6767
942 ## - ADDED ENTRY ELEMENTS (KOHA)
Item type Monografías
Dati di copia
Withdrawn status Lost status Damaged status Not for loan Home library Current library Date acquired Total Checkouts Full call number Barcode Date last seen Price effective from Koha item type
        Iglesia Nacional Española en Roma Iglesia Nacional Española en Roma 28/04/2014   BIO 1373 3822 28/04/2014 28/04/2014 Monografías